| 000 -LEADER |
| fixed length control field |
01068nam a22002777a 4500 |
| 005 - DATE AND TIME OF LATEST TRANSACTION |
| control field |
20260418105631.0 |
| 007 - PHYSICAL DESCRIPTION FIXED FIELD--GENERAL INFORMATION |
| fixed length control field |
vd cvaizs |
| 008 - FIXED-LENGTH DATA ELEMENTS--GENERAL INFORMATION |
| fixed length control field |
260414b xxu||||| |||| 00| 0 eng d |
| 040 ## - CATALOGING SOURCE |
| Transcribing agency |
Cagayan State University |
| 082 ## - DEWEY DECIMAL CLASSIFICATION NUMBER |
| Classification number |
791.4372 |
| Item number |
V36574564 |
| 245 ## - TITLE STATEMENT |
| Title |
The vanishing / |
| Remainder of title |
Spoorloos |
| Statement of responsibility, etc |
directed by George Sluizer; written by Tim Krabbe; produced by,Anna Lordon, George Sluizer. |
| 260 ## - PUBLICATION, DISTRIBUTION, ETC. (IMPRINT) |
| Place of publication, distribution, etc |
Netherlands: |
| Name of publisher, distributor, etc |
Golden Egg Films Ingrid Production MGS Film , |
| Date of publication, distribution, etc |
1988. |
| 300 ## - PHYSICAL DESCRIPTION |
| Extent |
1 video disc (107 mins.). |
| Other physical details |
sound, color ; |
| 520 ## - SUMMARY, ETC. |
| Summary, etc |
A hunting psychological thriller about a man's obsessive search for his girlfriend, who is disappeared at a French rest area. |
| 546 ## - LANGUAGE NOTE |
| Language note |
In English subtitle. |
| 650 ## - SUBJECT ADDED ENTRY--TOPICAL TERM |
| Topical term or geographic name as entry element |
Horror. |
| 700 ## - ADDED ENTRY--PERSONAL NAME |
| Personal name |
Krabbe, Tim, writer. |
| 700 ## - ADDED ENTRY--PERSONAL NAME |
| Personal name |
Bervoets, Gene, star. |
| 700 ## - ADDED ENTRY--PERSONAL NAME |
| Personal name |
Donnadieu, Bernard-Pierre, star. |
| 700 ## - ADDED ENTRY--PERSONAL NAME |
| Personal name |
Steege, Johanna ter, star. |
| 700 ## - ADDED ENTRY--PERSONAL NAME |
| Personal name |
Eckhaus, Gwen, star. |
| 700 ## - ADDED ENTRY--PERSONAL NAME |
| Personal name |
Le Sache, Bernadette, cast. |
| 700 ## - ADDED ENTRY--PERSONAL NAME |
| Personal name |
Latarjet, Tania, cast. |
| 700 ## - ADDED ENTRY--PERSONAL NAME |
| Personal name |
Glenn, Lucille, cast. |
| 942 ## - ADDED ENTRY ELEMENTS (KOHA) |
| Source of classification or shelving scheme |
|
| Item type |
Audio-Visual Materials |